| 000 | 00996nmc a2200361 a 4500 | ||
|---|---|---|---|
| 003 | AR-BaBNM | ||
| 005 | 20251128204039.0 | ||
| 008 | 027119s1980 ||||||||||||||000 | spa|| | ||
| 020 | _a92-3-301615-3 | ||
| 040 | _cAR-BaBNM | ||
| 110 | 2 | _aUNESCO | |
| 245 | 1 | 0 | _aProgramas de estudio y educación permanente |
| 260 |
_aParís _bUnesco _c1980 |
||
| 300 | 0 |
_a371 p. _bgráfs. |
|
| 490 | 0 | _aLa educación en marcha | |
| 504 | _aBibliografía p. 349-356 | ||
| 650 | 4 | _aEDUCACION PERMANENTE | |
| 650 | 4 | _aREFORMA DE LA EDUCACION | |
| 650 | 4 | _aFINALIDADES DE LA EDUCACION | |
| 650 | 4 | _aOBJETIVOS EDUCACIONALES | |
| 650 | 4 | _aINTERDISCIPLINARIEDAD | |
| 650 | 4 | _aEVALUACION DEL CURRICULO | |
| 650 | 4 | _aPOLITICA EDUCATIVA | |
| 653 | _aINVESTIGACION EDUCATIVA | ||
| 700 | 1 | _aD'Hainaut, Louis | |
| 700 | 1 | _aLawton, D. | |
| 700 | 1 | _aOchs, R. | |
| 700 | 1 | _aSuper, D. | |
| 700 | 1 |
_aVaideanu, G. _ecolaborador |
|
| 700 | 1 |
_aYerodia, A. _ecolaborador |
|
| 942 | _cBK | ||
| 998 | _cCarmen | ||
| 999 |
_c5952 _d5952 |
||